000 00833nam a2200253 a 4500
001 72255
003 BD-RjUL
005 20211209082234.0
008 170516s1954 enka 001 0 eng
035 _a(BD-RjUL)72472
040 _aDLC
_cCarP
_dDLC
_dBD-RjUL
_beng
041 _aeng
082 _223
_a540
_bBEC 1954
100 1 _aBentley, Kenneth Walter. [from old catalog]
_9213647
245 1 4 _aThe chemistry of the morphine alkaloids /
_cK W Bentley
260 _aOxford :
_bClarendon Press,
_c1954.
300 _axix, 433 p. :
_bill. ;
_c24 cm.
490 _aMonographs on the chemistry of natural products. [from old catalog]
500 _aIncludes index
650 _aChemistry
_9213648
830 0 _aMonographs on the chemistry of natural products. [from old catalog]
_9213649
942 _2ddc
_cBK
999 _c72255
_d72255